000 01184nam0a2200313 i 4500
001 RU\NLR\BIBL_A\010806897
005 20241103091315.0
010 _a9785953004022
_9185
021 _aRU
_b2015-41988
_92492
035 _a(NILC)RuMoRGB-007950718
035 _a(NLR Aleph) 010806897
090 _a10186289
_c10186289
100 _a20150720d2015 km y0rusy50 ca
101 0 _arus
102 _aRU
105 _aa|||z|||000zy
200 1 _aПротонная и ионная терапия
_fЕ. М. Сыресин
_gОбъединенный ин-т ядерных исслед.
210 _aДубна
_cОбъединенный институт ядерных исследований
_d2015
215 _a156 с.
_cил., цв. ил.
_d22
320 _aБиблиогр.: с. 153-156
606 _aПротонная терапия
_9910510
_3RU\NLR\AUTH\6612728
606 _aИонная терапия
_92252091
_3RU\NLR\AUTH\6601581313
686 1 _aР365
700 1 _aСыресин
_bЕ. М.
_gЕвгений Михайлович
801 0 _aRU
_bРГБ
_c20150610
_gRCR
942 _cBOOK
980 _aNBR